000 00689cam a22002413a 4500
001 31199
003 PGUSA
005 20140828083656.0
008 100206s2010||||xxu|||||s|||||000 | eng d
040 _aPGUSA
_beng
042 _adc
050 4 _aPT
100 1 _aRilke, Rainer Maria,
_d1875-1926
245 1 0 _aDie Letzten
_h[electronic resource] /
_cRainer Maria Rilke
260 _bProject Gutenberg,
_c2010
505 0 _aIm Gespräch -- Der Liebende -- Die Letzten.
506 _aPublic domain in the USA.
516 _aElectronic text
653 _aShort stories, German
830 0 _aProject Gutenberg
_v31199
856 4 0 _uhttp://www.gutenberg.org/ebooks/31199
942 _cEB
999 _c260454
_d260454